| 000 | 01238nam0a22002771 4500 | ||
|---|---|---|---|
| 001 | rc\2993890 | ||
| 005 | 20250806211609.0 | ||
| 035 | _a(NLR Aleph) 007137746 | ||
| 090 |
_a70345 _c70345 |
||
| 100 | _a20110916d1944 u y0rusy50 ca | ||
| 101 | 0 | _arus | |
| 102 | _aRU | ||
| 105 | _ay z ||||| | ||
| 200 | 1 |
_aПроектирование естественного освещения в промышленных зданиях _fд-р техн. наук, проф. Н.М. Гусев |
|
| 210 |
_a[Москва] _cСтройиздат _d1944 _g13-я тип. треста "Полиграфкнига" |
||
| 215 |
_a15 с. _d21 см |
||
| 225 | 1 |
_aЛаборатория ограждающих конструкций и строительной физики _fНар. ком. по стр-ву СССР. Техн. упр. Центр. науч.-исслед. ин-т пром. сооружений "ЦНИПС" _vВып. 3 |
|
| 300 | _aБез обл. | ||
| 700 | 1 |
_aГусев _bН.М. _gНиколай Михайлович |
|
| 801 | 0 |
_aRU _bNLR _gpsbo |
|
| 801 | 1 |
_aRU _bELAR _2rusmarc |
|
| 852 |
_aNLR _jТ80 Г-4/174 |
||
| 942 | _cBOOK | ||
| 945 | _aРоссийская национальная библиотека | ||
| 980 | _aNB | ||
| 980 | _aBV | ||